Normal view MARC view
  • recreational activities

Entry Topical Term

Number of records used in: 1

001 - CONTROL NUMBER

  • control field: 9007

003 - CONTROL NUMBER IDENTIFIER

  • control field: JRU

005 - DATE AND TIME OF LATEST TRANSACTION

  • control field: 20260413170839.0

008 - FIXED-LENGTH DATA ELEMENTS

  • fixed length control field: 260413|| aca||aabn | a|a d

040 ## - CATALOGING SOURCE

  • Original cataloging agency: JRU
  • Transcribing agency: JRU

150 ## - HEADING--TOPICAL TERM

  • Topical term or geographic name as entry element: recreational activities

670 ## - SOURCE DATA FOUND

  • Source citation: Work cat.: (JRU)2438: George J. Summers 9006, Puzzles & Teasers